| 000 | 01124nam a22003377a 4500 | ||
|---|---|---|---|
| 003 | CHAP | ||
| 005 | 20220329141106.0 | ||
| 008 | 971013s1993 ck a r 00010 spa d | ||
| 010 | _a62471 | ||
| 011 | _a63443 | ||
| 035 | _a67619 | ||
| 040 | _cCHAP | ||
| 082 | 0 | 4 |
_a636.0882 _bT7 v.8 |
| 110 | 2 |
_aFundación Carvajal. Programa de Desarrollo Agropecuario. Cali, Colombia _943973 |
|
| 245 | 1 | _aAdiestramiento de bovinos para labores agrícolas | |
| 260 |
_aCali, Colombia : _bFundación Carvajal, _c1993 |
||
| 300 |
_a28 h. : _bilus. |
||
| 500 | _aFotocopia | ||
| 590 |
_aBATCH-UPD _b10 _c20130110 _lUCH01 _h0602 |
||
| 590 |
_aBATCH-UPD _b10 _c20130410 _lUCH01 _h0244 |
||
| 590 |
_aBATCH-UPD _b10 _c20130914 _lUCH01 _h0336 |
||
| 590 |
_aCONVERSION _b10 _c20130109 _lUCH01 _h1334 |
||
| 650 | 1 | 4 |
_aAnimales de carga. _95878 |
| 650 | 1 | 4 |
_aEnergía animal. _936889 |
| 650 | 1 | 4 |
_aGanado vacuno como animal de carga. _945535 |
| 700 | 0 |
_aCucuyame, Otoniel. _930009 |
|
| 901 | _aBK | ||
| 942 | _cFOLL | ||
| 949 |
_a636.0882 T7 v.8 _bBC _cESP _d-152975 _eESP _h92179 _i67619 _sb |
||
| 949 |
_aFolleto 14879 _bBC _cFOLL _d676191 _eTS1 _i67619 _sb |
||
| 999 |
_c62471 _d62471 |
||